[Event "Arab Cities-chT"]
[Site "Monastir"]
[Date "2013.10.30"]
[Round "4.1"]
[White "Dana, Jamal Qadir"]
[Black "Boudriga, Mohamed Ali"]
[Result "0-1"]
[WhiteElo "1944"]
[BlackElo "2316"]
[PlyCount "86"]
[EventDate "2013.10.27"]
[EventType "team-swiss"]
[EventRounds "7"]
[EventCountry "TUN"]
[SourceTitle "EXT 2014"]
[Source "ChessBase"]
[SourceDate "2013.11.20"]
[SourceVersion "1"]
[SourceVersionDate "2013.11.20"]
[SourceQuality "1"]
[WhiteTeam "Arbiil"]
[BlackTeam "La tour Blache"]
[WhiteTeamCountry "ALG"]
[BlackTeamCountry "TUN"]

1. e4 c5 2. Nf3 d6 3. d4 cxd4 4. Nxd4 Nf6 5. Nc3 a6 6. Be2 e5 7. Nb3 Be7 8. 0-0 0-0 9. Be3 Be6 10. a4 Nbd7 11. a5 Qc7 12. Kh1 Qc6 13. f3 d5 14. exd5 Nxd5 15. Nxd5 Bxd5 16. c4 Be6 17. Nd2 f5 18. Qa4 Rfd8 19. b4 f4 20. Bg1 Qxa4 21. Rxa4 Nc5 22. Bxc5 Rxd2 23. Bxe7 Rxe2 24. c5 Bd5 25. Kg1 e4 26. fxe4 Rxe4 27. Bd6 g5 28. Raa1 Rae8 29. Rac1 Bc6 30. h4 f3 31. Rxf3 Rxh4 32. Rg3 h6 33. Rb1 Re2 34. Rf1 Rxb4 35. Rf2 Rb1+ 36. Rf1 Rbb2 37. Rf8+ Kg7 38. Rc8 Rxg2+ 39. Rxg2 Rxg2+ 40. Kf1 Ra2 41. Bc7 h5 42. Rd8 h4 43. Rd6 h3 0-1

[Event "IRQ-ch op 2nd"]
[Site "Baghdad"]
[Date "2013.03.11"]
[Round "8"]
[White "Didar, Mohammed Zhaher"]
[Black "Dana, Jamal Qadir"]
[Result "1-0"]
[WhiteElo "2236"]
[BlackElo "1989"]
[PlyCount "67"]
[EventDate "2013.03.06"]
[EventType "swiss"]
[EventRounds "9"]
[EventCountry "IRQ"]
[SourceTitle "CBM 153 Extra"]
[Source "ChessBase"]
[SourceDate "2013.04.22"]
[SourceVersion "1"]
[SourceVersionDate "2013.04.22"]
[SourceQuality "1"]

1. d4 d6 2. Nf3 Nf6 3. c4 Nbd7 4. Nc3 e5 5. e4 c6 6. Be2 Be7 7. 0-0 0-0 8. Be3 Ng4 9. Bd2 exd4 10. Nxd4 Ngf6 11. Qc2 Qc7 12. f4 Re8 13. Kh1 Nf8 14. f5 h6 15. Rf3 N8h7 16. Rg3 Kh8 17. Bf4 Nd7 18. Qd2 Bf6 19. Rh3 Nc5 20. Bf3 g5 21. Be3 Bg7 22. Rd1 Nd7 23. Be2 Ne5 24. Nc2 g4 25. Rh4 Qe7 26. g3 d5 27. cxd5 Bf6 28. d6 Qd8 29. Rxh6 b6 30. Rh5 Bb7 31. Bxb6 axb6 32. Qh6 Kg8 33. Qxh7+ Kf8 34. Rg5 1-0